Vista normal
Vista MARC
Entrada Personal Name
Número de registros utilizados en: 1
001 - CONTROL NUMBER
- control field: 17088
003 - CONTROL NUMBER IDENTIFIER
- control field: OSt
005 - DATE AND TIME OF LATEST TRANSACTION
- control field: 20210310221157.0
008 - FIXED-LENGTH DATA ELEMENTS
- fixed length control field: 210310|| aca||aabn | a|a d
040 ## - CATALOGING SOURCE
- Original cataloging agency: OSt
- Transcribing agency: OSt
100 ## - HEADING--PERSONAL NAME
- Personal name: Cesar Giraldo, Pierre Salama, Jorge Ivan Gonzalez, Oliver Mora
670 ## - SOURCE DATA FOUND
- Source citation: Work cat.: (OSt): Cesar Giraldo, Pierre Salama, Jorge Ivan Gonzalez, Oliver Mora , Crisis fiscal y financiera en america latina , 1998